[Event "Quebec-ch U20"]
[Site "Montreal CAN"]
[Date "2007.04.22"]
[Round "4"]
[White "Lemire-Paquin, Alexandre"]
[Black "Kraiouchkine, Nikita"]
[Result "0-1"]
[WhiteElo "2018"]
[BlackElo "2063"]
[PlyCount "226"]
[EventDate "2007.04.20"]
[EventType "tourn"]
[EventRounds "5"]
[EventCountry "CAN"]

1. e4 e5 2. Bc4 Nf6 3. d3 Nc6 4. Nc3 Bb4 5. Bg5 h6 6. Bxf6 Qxf6 7. Nge2 d6 8.
O-O Bc5 9. Nd5 Qd8 10. c3 Bg4 11. Kh1 Bxe2 12. Qxe2 Ne7 13. f4 Nxd5 14. Bxd5 c6
15. Bb3 Rf8 16. fxe5 dxe5 17. Qh5 g6 18. Qxe5+ Qe7 19. Qxe7+ Bxe7 20. Rf3 f6
21. Rg3 g5 22. Rh3 Rh8 23. Rf1 O-O-O 24. d4 Kc7 25. Rhf3 Rhf8 26. Rf5 b6 27. g3
c5 28. Bd5 cxd4 29. cxd4 Kd7 30. Bb3 Kc7 31. Rd1 Rd6 32. Ba4 Rfd8 33. d5 Rf8
34. Bc6 Rdd8 35. Rdf1 Kd6 36. Rc1 Kc7 37. Kg2 Bd6 38. Kf3 Be5 39. b3 Kd6 40.
Bb7 Rb8 41. Rc6+ Kd7 42. Ba6 Kd8 43. Re6 Kc7 44. Bb5 a5 45. a4 Rbc8 46. Ba6 Rb8
47. Rc6+ Kd8 48. Bc4 Rf7 49. Re6 Re7 50. Rc6 Rbb7 51. Bb5 Rec7 52. Rxc7 Rxc7
53. Bc6 Ke7 54. Kg4 Kd6 55. Kh5 Rc8 56. Rf2 Rh8 57. Rc2 Bd4 58. Bb5 Bc5 59. Kg6
Ke5 60. Re2 h5 61. h4 gxh4 62. gxh4 Rg8+ 63. Kxh5 Kf4 64. Bd7 Bd4 65. Bf5 Be5
66. Kh6 Bd6 67. Bg6 Bf8+ 68. Kh7 Rg7+ 69. Kh6 Kg4 70. Rg2+ Kxh4 71. Rh2+ Kg3
72. Re2 Kf3 73. Re1 Kf2 74. Rb1 Ke3 75. Kh5 Rg8 76. Rf1 Be7 77. Bh7 Rg5+ 78.
Kh4 f5 79. d6 Bd8 80. Kh3 Rh5+ 81. Kg2 Rxh7 82. e5 Rg7+ 83. Kh3 Ke4 84. e6 Ke5
85. e7 Bxe7 86. dxe7 Rxe7 87. Re1+ Kd6 88. Rd1+ Kc5 89. Rd3 Kb4 90. Kg3 Re4 91.
Kf3 Re5 92. Kf4 Rc5 93. Kg5 Rc3 94. Rd4+ Ka3 95. Kxf5 Rxb3 96. Rd1 Rb4 97. Ra1+
Kb3 98. Ke5 Kb2 99. Rh1 Rxa4 100. Kd5 Rb4 101. Rh2+ Ka3 102. Rh1 Ka2 103. Rh2+
Rb2 104. Rh1 b5 105. Kc5 a4 106. Rh4 a3 107. Rh1 b4 108. Kc4 b3 109. Kb4 Rg2
110. Rh3 Rg4+ 111. Kc3 b2 112. Rh2 Rg3+ 113. Kb4 Ka1 0-1

[Event "Mauricie ch"]
[Site "Trois-Rivieres CAN"]
[Date "2007.03.17"]
[Round "2"]
[White "Kraiouchkine, Nikita"]
[Black "Bourassa, Samuel"]
[Result "0-1"]
[WhiteElo "2114"]
[BlackElo "2004"]
[PlyCount "60"]
[EventDate "2007.03.16"]
[EventType "swiss"]
[EventRounds "5"]
[EventCountry "CAN"]

1. e4 c5 2. Nf3 d6 3. d4 cxd4 4. Nxd4 Nf6 5. Nc3 g6 6. Bc4 Bg7 7. Bb3 Nc6 8.
Nxc6 bxc6 9. e5 dxe5 10. Qf3 Qc7 11. Na4 O-O 12. Be3 Rb8 13. Nc5 Rb5 14. c4
Rxc5 15. Bxc5 Qa5+ 16. Qc3 Qxc5 17. O-O Rd8 18. Rad1 Rd4 19. Qe3 Bg4 20. Rd2
Bf5 21. h3 Ne4 22. Re2 Bf6 23. Bc2 Qxc4 24. Bb3 Qb5 25. g4 Rd3 26. Qc1 Rxb3 27.
axb3 Qxe2 28. gxf5 Bh4 29. Qc4 Bxf2+ 30. Kg2 Qe3 0-1

[Event "Mauricie ch"]
[Site "Trois-Rivieres CAN"]
[Date "2007.03.18"]
[Round "4"]
[White "Kraiouchkine, Nikita"]
[Black "Plante, Michel"]
[Result "0-1"]
[WhiteElo "2114"]
[BlackElo "1961"]
[PlyCount "58"]
[EventDate "2007.03.16"]
[EventType "swiss"]
[EventRounds "5"]
[EventCountry "CAN"]

1. e4 d6 2. d4 Nf6 3. Nc3 g6 4. Be3 c6 5. Qd2 b5 6. f3 Qc7 7. g4 h6 8. Bxb5
cxb5 9. Nxb5 Qc4 10. a4 Na6 11. b3 Qc6 12. d5 Qb7 13. Ne2 Bg7 14. Ned4 Bxg4 15.
fxg4 Nxe4 16. Qa5 O-O 17. Rd1 Nf6 18. c4 Nxg4 19. Bc1 Nc5 20. b4 Ne4 21. O-O a6
22. Na3 Nc3 23. Nc6 Nxd1 24. Rxd1 Qd7 25. Qb6 Ne5 26. Nxe5 Bxe5 27. Kh1 Qg4 28.
Rd2 Qe4+ 29. Kg1 Qe1+ 0-1

[Event "Mauricie ch"]
[Site "Trois-Rivieres CAN"]
[Date "2007.03.18"]
[Round "5"]
[White "Poirier, Erik"]
[Black "Kraiouchkine, Nikita"]
[Result "0-1"]
[WhiteElo "2063"]
[BlackElo "2114"]
[PlyCount "82"]
[EventDate "2007.03.16"]
[EventType "swiss"]
[EventRounds "5"]
[EventCountry "CAN"]

1. d4 d5 2. c4 e6 3. Nc3 Nf6 4. cxd5 exd5 5. Bg5 Nbd7 6. e3 Bb4 7. Bd3 c5 8.
Nf3 c4 9. Bc2 Qa5 10. O-O Bxc3 11. bxc3 Qxc3 12. Rc1 Qa3 13. Ne5 Qd6 14. f4 b5
15. Nxd7 Bxd7 16. f5 Ne4 17. Bxe4 dxe4 18. Qg4 Qd5 19. Rf4 f6 20. Bh4 g5 21.
Rxe4+ Kd8 22. Bxg5 fxg5 23. Qxg5+ Kc7 24. Qf4+ Kb6 25. Re5 Qf7 26. Rc5 Rac8 27.
Qd6+ Kb7 28. e4 Rxc5 29. Qxc5 Re8 30. Re1 Qf6 31. g3 Bc6 32. d5 Bd7 33. a4 Qc3
34. Kf2 b4 35. Re3 Qc2+ 36. Re2 Qxa4 37. f6 Qb5 38. Qxb5+ Bxb5 39. e5 Kb6 40.
e6 Rf8 41. f7 Kc5 0-1

[Event "Longueuil CC ch"]
[Site "Longueuil CAN"]
[Date "2007.01.13"]
[Round "2"]
[White "Kraiouchkine, Nikita"]
[Black "Dumont, Pierre"]
[Result "1-0"]
[WhiteElo "1856"]
[BlackElo "1275"]
[PlyCount "73"]
[EventDate "2007.01.06"]
[EventType "swiss"]
[EventRounds "5"]
[EventCountry "CAN"]

1. e4 c6 2. d4 d5 3. exd5 cxd5 4. c4 Nf6 5. Nc3 e6 6. Nf3 Nc6 7. Bg5 Be7 8. Rc1
O-O 9. Bd3 Nb4 10. Bb1 dxc4 11. O-O a6 12. Ne5 b5 13. a3 Nbd5 14. Nc6 Qd7 15.
Nxe7+ Qxe7 16. Nxd5 exd5 17. Qf3 Be6 18. Rfe1 Qd8 19. Qg3 h6 20. Bxh6 Ng4 21.
Bf4 f5 22. Rxe6 Qd7 23. Rce1 Rae8 24. Rxe8 Rxe8 25. Rxe8+ Qxe8 26. Be5 Qf7 27.
h3 Nxe5 28. Qxe5 g6 29. Bc2 a5 30. Bd1 Kh7 31. Bf3 Qb7 32. Bxd5 Qc8 33. Be6 Qe8
34. d5 b4 35. axb4 axb4 36. h4 Qe7 37. Bg8+ 1-0

[Event "Longueuil CC ch"]
[Site "Longueuil CAN"]
[Date "2007.01.20"]
[Round "3"]
[White "Villeneuve, Benoit"]
[Black "Kraiouchkine, Nikita"]
[Result "0-1"]
[WhiteElo "1898"]
[BlackElo "1856"]
[PlyCount "110"]
[EventDate "2007.01.06"]
[EventType "swiss"]
[EventRounds "5"]
[EventCountry "CAN"]

1. e4 e5 2. Nf3 Nf6 3. Nxe5 d6 4. Nf3 Nxe4 5. d4 Bg4 6. Bd3 Nf6 7. O-O Be7 8.
Re1 O-O 9. Bg5 Nbd7 10. Nbd2 Re8 11. c3 c6 12. Qc2 Bh5 13. Nh4 Nf8 14. Nf5 Bg6
15. Nf3 Ne6 16. Nxe7+ Qxe7 17. Bxg6 hxg6 18. Rad1 d5 19. Bh4 Qc7 20. Bg3 Qb6
21. Ne5 Ne4 22. Re3 Qa6 23. b3 Nxg3 24. hxg3 Re7 25. Rde1 Rae8 26. Nxg6 fxg6
27. Qxg6 Nf8 28. Qc2 Rxe3 29. fxe3 Qa5 30. Rf1 Qc7 31. Qf5 Qe7 32. Rf3 Ne6 33.
g4 Ng5 34. Rg3 Rf8 35. Qd3 Qd6 36. e4 dxe4 37. Qe3 Qf4 38. Qe1 Re8 39. Qf2
Qxf2+ 40. Kxf2 Rf8+ 41. Ke2 Kf7 42. Re3 Ke6 43. Ke1 Kd5 44. Re2 Ne6 45. g3 Ng5
46. Kd2 Rf3 47. Re3 Rf2+ 48. Re2 Nf3+ 49. Ke3 Rxe2+ 50. Kxe2 Nxd4+ 51. cxd4
Kxd4 52. g5 c5 53. g6 b5 54. Kd2 c4 55. bxc4 bxc4 0-1

[Event "Longueuil CC ch"]
[Site "Longueuil CAN"]
[Date "2007.01.27"]
[Round "4"]
[White "Kraiouchkine, Nikita"]
[Black "Pachah, Parwiz"]
[Result "0-1"]
[WhiteElo "1856"]
[BlackElo "2122"]
[PlyCount "52"]
[EventDate "2007.01.06"]
[EventType "swiss"]
[EventRounds "5"]
[EventCountry "CAN"]

1. e4 e5 2. Nf3 Nc6 3. Nc3 Bc5 4. Nxe5 Bxf2+ 5. Kxf2 Nxe5 6. d4 Qf6+ 7. Ke1 Nc6
8. Be3 Nge7 9. Bc4 O-O 10. Rf1 Qg6 11. Qf3 d6 12. Nb5 Be6 13. Bd3 Nb4 14. Nxc7
Rac8 15. Nxe6 Qxe6 16. Qe2 Rfe8 17. c3 Nxd3+ 18. Qxd3 Ng6 19. Rf5 Nh4 20. Rf2
Qg4 21. Kf1 Rxe4 22. Re1 Rce8 23. Bd2 d5 24. Rfe2 h5 25. b3 Qf5+ 26. Kg1 Rxe2
0-1

[Event "Longueuil CC ch"]
[Site "Longueuil CAN"]
[Date "2007.02.03"]
[Round "5"]
[White "Robichaud, Louis"]
[Black "Kraiouchkine, Nikita"]
[Result "0-1"]
[WhiteElo "2064"]
[BlackElo "1856"]
[PlyCount "84"]
[EventDate "2007.01.06"]
[EventType "swiss"]
[EventRounds "5"]
[EventCountry "CAN"]

1. e4 e5 2. Nf3 Nf6 3. Nxe5 d6 4. Nf3 Nxe4 5. d4 Bg4 6. Bd3 Nf6 7. O-O Be7 8.
Re1 O-O 9. Nbd2 Re8 10. Nf1 Nbd7 11. h3 Bh5 12. Ng3 Bg6 13. Nf5 Bf8 14. Rxe8
Qxe8 15. c3 Nb6 16. Bf4 Qd7 17. N3h4 c6 18. Bg5 Nfd5 19. Qg4 Re8 20. a4 a5 21.
Rc1 Nc7 22. b3 Ne6 23. Bd2 Nd5 24. c4 Nf6 25. Qf3 d5 26. c5 Qc7 27. Re1 Ng5 28.
Qd1 Nge4 29. f3 Nxd2 30. Qxd2 b6 31. Rxe8 Nxe8 32. Qe1 Nf6 33. cxb6 Qxb6 34.
Bc2 c5 35. dxc5 Qxc5+ 36. Qf2 Qc3 37. Qe2 d4 38. Nxg6 hxg6 39. Ng3 Bc5 40. Qd3
Qe1+ 41. Kh2 Nd5 42. Qc4 Ne3 0-1

[Event "CAN-ch U20 2007"]
[Site "Toronto CAN"]
[Date "2007.01.02"]
[Round "1"]
[White "Lung, Patrick"]
[Black "Kraiouchkine, Nikita"]
[Result "0-1"]
[WhiteElo "1432"]
[BlackElo "2061"]
[PlyCount "80"]
[EventDate "2007.01.02"]
[EventType "swiss"]
[EventRounds "6"]
[EventCountry "CAN"]

1. e4 e5 2. Nf3 Nc6 3. Bc4 Nf6 4. Ng5 d5 5. exd5 Nd4 6. c3 b5 7. Bb3 Nxb3 8.
Qxb3 Qxd5 9. Qxd5 Nxd5 10. O-O Nf4 11. d4 Ne2+ 12. Kh1 exd4 13. Re1 d3 14. Nf3
Bc5 15. Nd4 O-O 16. Be3 Nxd4 17. cxd4 Bb6 18. Rd1 Bf5 19. Nd2 Rad8 20. Nf3 f6
21. Nh4 Be4 22. f3 Bb7 23. Rxd3 Rd5 24. g4 Rd7 25. Kg2 c5 26. Rad1 Rfd8 27. Bf2
g6 28. Kf1 b4 29. Kg1 Kf8 30. Kg2 cxd4 31. Rb3 a5 32. Be1 d3 33. Bxb4+ axb4 34.
Rxb4 Rd6 35. Kg3 d2 36. Ng2 Rd3 37. Rxb6 Rxf3+ 38. Kh4 g5+ 39. Kh5 Rh3+ 40. Nh4
Rxh4# 0-1

[Event "Pere Noel"]
[Site "Montreal CAN"]
[Date "2006.12.28"]
[Round "3"]
[White "Kraiouchkine, Nikita"]
[Black "Lacroix, Serge"]
[Result "1-0"]
[WhiteElo "2051"]
[BlackElo "2012"]
[Annotator "Incomplete"]
[PlyCount "72"]
[EventDate "2006.12.26"]
[EventType "swiss"]
[EventRounds "5"]
[EventCountry "CAN"]

1. e4 e5 2. Nf3 Nc6 3. Nc3 Nf6 4. d4 exd4 5. Nd5 Nxd5 6. exd5 Bb4+ 7. Bd2 Qe7+
8. Be2 Bxd2+ 9. Qxd2 Ne5 10. Nxd4 d6 11. O-O Bd7 12. f4 Ng6 13. Nb5 Bc8 14. Qc3
c6 15. dxc6 O-O 16. Bf3 bxc6 17. Rae1 Qd8 18. Bxc6 Ba6 19. Bxa8 Bxb5 20. Bd5
Bxf1 21. Rxf1 Qb6+ 22. Kh1 Re8 23. Re1 Rxe1+ 24. Qxe1 Kf8 25. Bb3 Qd4 26. g3 h5
27. Qe2 h4 28. Qc4 Qd1+ 29. Kg2 Nh8 30. Qe4 hxg3 31. hxg3 Qd2+ 32. Kh3 Qd1 33.
f5 Kg8 34. c3 Qf1+ 35. Kh4 Qf2 36. Bc2 Qh2+ {etc.} 1-0

[Event "Pere Noel"]
[Site "Montreal CAN"]
[Date "2006.12.30"]
[Round "5"]
[White "Kraiouchkine, Nikita"]
[Black "Robichaud, Louis"]
[Result "1-0"]
[WhiteElo "2058"]
[BlackElo "2197"]
[PlyCount "189"]
[EventDate "2006.12.26"]
[EventType "swiss"]
[EventRounds "5"]
[EventCountry "CAN"]

1. e4 e5 2. Nf3 Nc6 3. Nc3 Nf6 4. d4 exd4 5. Nd5 Be7 6. Bf4 d6 7. Nxd4 O-O 8.
Nb5 Nxd5 9. exd5 Ne5 10. Be2 Bf6 11. c3 Bf5 12. O-O Re8 13. Re1 Nd7 14. Nd4 Bg6
15. Qd2 a6 16. Bc4 Nc5 17. f3 Qd7 18. Nb3 Nxb3 19. Bxb3 Rxe1+ 20. Rxe1 Re8 21.
Re3 Kf8 22. Bc2 Rxe3 23. Bxe3 Bxc2 24. Qxc2 Qb5 25. Qd2 Qe8 26. Kf2 Qe5 27. g3
h5 28. Qd3 g6 29. Bf4 Qe8 30. b3 Qb5 31. Qxb5 axb5 32. c4 bxc4 33. bxc4 Ke7 34.
Ke2 Bb2 35. Kd3 Kf6 36. Ke4 Ke7 37. g4 hxg4 38. fxg4 Bf6 39. h3 Bh4 40. Bd2 Bf2
41. Bg5+ f6 42. Bd2 Kf7 43. Ba5 b6 44. Bc3 Bg3 45. a4 Bf2 46. a5 bxa5 47. Bxa5
Bb6 48. Be1 Bg1 49. h4 Bb6 50. Kf4 Bd4 51. Ba5 Bb6 52. Bc3 Bg1 53. h5 Bh2+ 54.
Ke4 f5+ 55. gxf5 gxh5 56. Ba5 h4 57. Bxc7 Bg3 58. Kf3 Kf6 59. Kg4 Ke7 60. Bb6
Be1 61. Be3 Kf6 62. Bg5+ Kf7 63. Bxh4 Bb4 64. Kf4 Bc5 65. Ke4 Bb4 66. Kd3 Bc5
67. Kc3 Be3 68. Kb4 Ke8 69. Kb5 Kd7 70. Be1 Bd4 71. Bb4 Be5 72. Bd2 Bd4 73. Kb4
Ke7 74. Bc3 Bc5+ 75. Kb5 Kd7 76. Bg7 Be3 77. Bb2 Bc5 78. Bc3 Be3 79. Bb4 Bd4
80. c5 dxc5 81. Bxc5 Bf6 82. Kc4 Bg5 83. Kd4 Bf6+ 84. Ke4 Bg7 85. Bd4 Bh6 86.
Ke5 Bg7+ 87. f6 Bf8 88. f7 Be7 89. Be3 Bf8 90. Bg5 Bg7+ 91. Kf5 Kd6 92. Kg6 Bf8
93. Kh7 Kxd5 94. Kg8 Bd6 95. Bh6 1-0

[Event "Laval XXII"]
[Site "Laval CAN"]
[Date "2006.11.24"]
[Round "1"]
[White "Bolduc, Steve"]
[Black "Kraiouchkine, Nikita"]
[Result "1-0"]
[WhiteElo "2309"]
[BlackElo "2069"]
[PlyCount "73"]
[EventDate "2006.11.24"]
[EventType "swiss"]
[EventRounds "5"]
[EventCountry "CAN"]

1. d4 d5 2. c4 e6 3. Nf3 Nf6 4. g3 c5 5. cxd5 exd5 6. Bg2 Be7 7. O-O O-O 8. Nc3
Nc6 9. dxc5 d4 10. Na4 Bf5 11. Bg5 h6 12. Bxf6 Bxf6 13. Rc1 Re8 14. Re1 Be4 15.
b3 Qd5 16. Qd2 Ne5 17. Nxe5 Bxg2 18. Nd3 Bg5 19. Nf4 Bh3 20. f3 Rad8 21. e4 Qe5
22. Nb2 Bxf4 23. gxf4 Qh5 24. Qf2 g5 25. Nd3 Kh7 26. f5 Rg8 27. Qg3 g4 28. f4
f6 29. Rc4 Rg7 30. c6 bxc6 31. Rxc6 Re7 32. Nb4 Qe8 33. Re6 Rxe6 34. fxe6 Qxe6
35. f5 Qf7 36. Rc1 Rd7 37. Nd5 1-0

[Event "Laval XXII"]
[Site "Laval CAN"]
[Date "2006.11.25"]
[Round "2"]
[White "Kraiouchkine, Nikita"]
[Black "Giroux, Robert"]
[Result "1/2-1/2"]
[WhiteElo "2069"]
[BlackElo "1801"]
[PlyCount "184"]
[EventDate "2006.11.24"]
[EventType "swiss"]
[EventRounds "5"]
[EventCountry "CAN"]

1. e4 c5 2. Nc3 Nc6 3. g3 g6 4. Bg2 Bg7 5. Nge2 e5 6. Nd5 Nge7 7. Nec3 Nxd5 8.
Nxd5 Ne7 9. Nxe7 Qxe7 10. O-O d6 11. d3 O-O 12. c3 Be6 13. Be3 Qd7 14. Re1 Rac8
15. Qd2 d5 16. Red1 dxe4 17. dxe4 Qxd2 18. Rxd2 b6 19. Rad1 Bf6 20. Bf1 Rcd8
21. b3 Kg7 22. Kg2 Rxd2 23. Rxd2 Rd8 24. Ba6 Rxd2 25. Bxd2 Be7 26. c4 f5 27.
Bb7 fxe4 28. Bxe4 Bf5 29. Kf3 Kf6 30. g4 Bxe4+ 31. Kxe4 Ke6 32. Bc3 Bd6 33. h4
h5 34. f3 a6 35. Be1 Be7 36. Bg3 Bf6 37. a4 Bg7 38. g5 Kd6 39. Be1 Ke6 40. Bc3
Bh8 41. f4 Bg7 42. Bb2 Bh8 43. a5 bxa5 44. Ba3 exf4 45. Bxc5 Bc3 46. Kxf4 Be1
47. Bb6 Bxh4 48. Bxa5 Bf2 49. Bc3 Bb6 50. b4 Bc7+ 51. Kf3 Bd8 52. Kf4 Be7 53.
b5 axb5 54. cxb5 Kd5 55. b6 Bd6+ 56. Ke3 Kc6 57. Be1 Kxb6 58. Ke4 Kc5 59. Bh4
Kc4 60. Bf2 Bc5 61. Bg3 Bd4 62. Be1 Bb2 63. Bh4 Kc5 64. Bf2+ Kd6 65. Be3 Ke6
66. Bf4 Bc3 67. Bc1 Be5 68. Be3 Bc7 69. Bf2 Bd8 70. Be3 Be7 71. Bd2 Bc5 72. Be1
Bg1 73. Bg3 Bc5 74. Be1 Bb6 75. Bg3 Ba5 76. Bf4 Be1 77. Be3 Bg3 78. Kf3 Be5 79.
Ke4 h4 80. Bf4 Bc3 81. Be3 Be5 82. Bf4 Bc3 83. Be3 Be1 84. Kf4 Bg3+ 85. Kg4 Ke5
86. Bd2 Ke4 87. Ba5 Ke3 88. Bb6+ Ke2 89. Bc5 Kd3 90. Bb6 Ke4 91. Bc5 Be1 92.
Bb6 Bg3 1/2-1/2

[Event "Laval XXII"]
[Site "Laval CAN"]
[Date "2006.11.25"]
[Round "3"]
[White "Roy, Myriam"]
[Black "Kraiouchkine, Nikita"]
[Result "0-1"]
[WhiteElo "1845"]
[BlackElo "2069"]
[PlyCount "26"]
[EventDate "2006.11.24"]
[EventType "swiss"]
[EventRounds "5"]
[EventCountry "CAN"]

1. e4 e5 2. Nf3 Nf6 3. Nc3 Nc6 4. d3 Be7 5. Bg5 d6 6. Be2 O-O 7. O-O Nd7 8.
Bxe7 Nxe7 9. d4 Ng6 10. Bc4 Nb6 11. Bb3 Bg4 12. Nd5 Nxd5 13. exd5 Nh4 0-1

[Event "Laval XXII"]
[Site "Laval CAN"]
[Date "2006.11.26"]
[Round "4"]
[White "Kraiouchkine, Nikita"]
[Black "Lacroix, Serge"]
[Result "0-1"]
[WhiteElo "2058"]
[BlackElo "1921"]
[PlyCount "75"]
[EventDate "2006.11.24"]
[EventType "swiss"]
[EventRounds "5"]
[EventCountry "CAN"]

1. e4 e5 2. Nf3 Nc6 3. Nc3 Nf6 4. d4 exd4 5. Nd5 d6 6. Bb5 a6 7. Ba4 b5 8. Bb3
Be7 9. Nxd4 Nxd4 10. Qxd4 c5 11. Nxf6+ Bxf6 12. Qd5 Be6 13. Qc6+ Bd7 14. Bxf7+
Kxf7 15. Qxd6 Qe7 16. Qxe7+ Kxe7 17. f3 h6 18. Kf2 Bd4+ 19. Be3 Bxb2 20. Bxc5+
Kf7 21. Rad1 Be6 22. Rd2 Rad8 23. Rhd1 Rxd2+ 24. Rxd2 Bc3 25. Rd3 Bf6 26. Bd4
Bxd4+ 27. Rxd4 Rc8 28. Rd2 Bxa2 29. Kg3 Be6 30. Kf4 a5 31. Ke5 a4 32. f4 a3 33.
f5 Bc4 34. Rd7+ Kg8 35. Ra7 a2 36. f6 gxf6+ 37. Kxf6 Rc6+ 38. Ke5 0-1

[Event "National Capital op"]
[Site "Ottawa CAN"]
[Date "2006.10.21"]
[Round "1"]
[White "Pacey, Kevin"]
[Black "Kraiouchkine, Nikita"]
[Result "1-0"]
[WhiteElo "2137"]
[BlackElo "1989"]
[PlyCount "61"]
[EventDate "2006.10.21"]
[EventType "swiss"]
[EventRounds "5"]
[EventCountry "CAN"]

1. d4 d5 2. c4 e6 3. Nf3 Nf6 4. g3 Nc6 5. Bg2 dxc4 6. Qa4 Qd5 7. Nc3 Qa5 8.
Qxc4 Bb4 9. O-O O-O 10. Bd2 Rd8 11. a3 Be7 12. b4 Qh5 13. b5 Nb8 14. Qxc7 Nbd7
15. Rfd1 Nd5 16. Nxd5 Qxd5 17. a4 Qd6 18. Bf4 Qxc7 19. Bxc7 Re8 20. Ne5 Nb6 21.
e4 f6 22. a5 fxe5 23. axb6 Bd7 24. Rxa7 Bxb5 25. Bxe5 Bc6 26. Bc7 Rxa7 27. bxa7
Ra8 28. Bb8 Bd7 29. Rb1 Bc8 30. Rc1 Bd7 31. Rc7 1-0

[Event "Wch-U20"]
[Site "Yerevan ARM"]
[Date "2006.10.16"]
[Round "13"]
[White "Shoker, Samy"]
[Black "Kraiouchkine, Nikita"]
[Result "1-0"]
[WhiteElo "2398"]
[BlackElo "2019"]
[PlyCount "57"]
[EventDate "2006.10.03"]
[EventType "swiss"]
[EventRounds "13"]
[EventCountry "ARM"]
[Source "ChessBase"]
[SourceDate "2006.11.03"]

1. g3 e5 2. Bg2 Nc6 3. d3 g6 4. c4 Bg7 5. Nc3 Nge7 6. Rb1 a5 7. a3 d6 8. Nf3 f5
9. O-O O-O 10. Qc2 f4 11. b4 Bg4 12. e3 fxe3 13. fxe3 Nf5 14. b5 Nce7 15. Ng5
Bh6 16. Nce4 Nd5 17. Re1 Ndxe3 18. Rxe3 Nd4 19. Qb2 Bxg5 20. Nxg5 Qxg5 21. Re4
Qh5 22. Rxd4 exd4 23. Bd5+ Kg7 24. Be3 Rf5 25. Bxd4+ Kf8 26. Bg7+ Ke7 27. Re1+
Kd8 28. b6 Rxd5 29. Qf6+ 1-0

[Event "CAN-op"]
[Site "Kitchener CAN"]
[Date "2006.07.15"]
[Round "1"]
[White "Noritsyn, Nikolay"]
[Black "Kraiouchkine, Nikita"]
[Result "1-0"]
[WhiteElo "2354"]
[BlackElo "2019"]
[PlyCount "59"]
[EventDate "2006.07.15"]
[EventType "swiss"]
[EventRounds "9"]
[EventCountry "CAN"]

1. e4 e5 2. Nf3 Nc6 3. Nc3 Nf6 4. Bb5 Bc5 5. Nxe5 O-O 6. Bxc6 dxc6 7. Nf3 Bg4
8. O-O Bd4 9. d3 Nd7 10. h3 Bh5 11. g4 Bxc3 12. bxc3 Bg6 13. Be3 h5 14. Kg2 Re8
15. Nd4 Qh4 16. Nf5 Bxf5 17. gxf5 Rad8 18. Qf3 Ne5 19. Qg3 Qxg3+ 20. Kxg3 Nxd3
21. cxd3 Rxd3 22. Kf3 Rxc3 23. Rab1 b6 24. Rfc1 Ra3 25. Rxc6 Rxa2 26. Rxc7 Ra4
27. Rd1 Rexe4 28. Rd8+ Kh7 29. Rxf7 a5 30. Rff8 1-0

[Event "CAN-op"]
[Site "Kitchener CAN"]
[Date "2006.07.18"]
[Round "4"]
[White "Kulic, Sasa"]
[Black "Kraiouchkine, Nikita"]
[Result "1-0"]
[WhiteElo "2192"]
[BlackElo "2019"]
[PlyCount "81"]
[EventDate "2006.07.15"]
[EventType "swiss"]
[EventRounds "9"]
[EventCountry "CAN"]

1. d4 d5 2. Nf3 Nf6 3. c4 e6 4. g3 c5 5. cxd5 exd5 6. Bg2 Nc6 7. O-O Be7 8. Nc3
O-O 9. Be3 Ng4 10. Bf4 g5 11. Bc1 h6 12. dxc5 Be6 13. h3 Nf6 14. h4 gxh4 15.
Nxh4 Ng4 16. Nf3 Bxc5 17. Nh2 Nxh2 18. Kxh2 Qf6 19. Nxd5 Bxd5 20. Qxd5 Bd4 21.
Qf3 Qg6 22. Qf4 Bg7 23. Be4 f5 24. Bd5+ Kh8 25. Be3 Ne5 26. Kg2 Rfd8 27. Rad1
Rxd5 28. Rxd5 Qc6 29. Rfd1 Rd8 30. Qf3 Nxf3 31. Rxd8+ Kh7 32. exf3 Qb5 33. R1d7
Kg6 34. Rd6+ Kf7 35. b3 a6 36. Rd5 Qb4 37. Rxf5+ Ke6 38. Rf4 Qa3 39. Re4+ Kf5
40. Rg8 Qb2 41. g4+ 1-0

[Event "CAN-op"]
[Site "Kitchener CAN"]
[Date "2006.07.19"]
[Round "5"]
[White "Kraiouchkine, Nikita"]
[Black "Willms, Jeff"]
[Result "1/2-1/2"]
[WhiteElo "2019"]
[BlackElo "1936"]
[PlyCount "64"]
[EventDate "2006.07.15"]
[EventType "swiss"]
[EventRounds "9"]
[EventCountry "CAN"]

1. e4 c5 2. Nf3 Nc6 3. d4 cxd4 4. Nxd4 Nf6 5. Nc3 e5 6. Ndb5 d6 7. Bg5 a6 8.
Na3 b5 9. Nd5 Be7 10. Bxf6 Bxf6 11. Be2 O-O 12. O-O Bg5 13. c4 b4 14. Nc2 a5
15. Qd3 f5 16. Bf3 Be6 17. exf5 Bxf5 18. Be4 Bxe4 19. Qxe4 Rc8 20. Rad1 Kh8 21.
Rd3 Nb8 22. Rh3 h6 23. Ne1 Nd7 24. Nf3 Nc5 25. Qg6 Bf6 26. Rh5 e4 27. Nd2 Bxb2
28. Nxe4 Nxe4 29. Qxe4 Qe8 30. Qg4 Rxc4 31. Rxh6+ gxh6 32. Qxc4 Qe5 1/2-1/2

[Event "CAN-op"]
[Site "Kitchener CAN"]
[Date "2006.07.22"]
[Round "8"]
[White "Kraiouchkine, Nikita"]
[Black "Davies, Noam"]
[Result "1-0"]
[WhiteElo "2019"]
[BlackElo "2143"]
[PlyCount "57"]
[EventDate "2006.07.15"]
[EventType "swiss"]
[EventRounds "9"]
[EventCountry "CAN"]

1. e4 c5 2. Nf3 e6 3. d4 cxd4 4. Nxd4 a6 5. Nc3 Qc7 6. Be3 Nf6 7. Bd3 b5 8. O-O
Bb7 9. f3 Bc5 10. Qd2 d6 11. Nce2 Nbd7 12. c3 Ne5 13. b3 Nxd3 14. Qxd3 O-O 15.
c4 b4 16. Rac1 Nd7 17. f4 Nf6 18. Ng3 Qa5 19. Kh1 Ng4 20. Bg1 e5 21. h3 Bxd4
22. Bxd4 exd4 23. hxg4 Qxa2 24. Rc2 Qa5 25. Qxd4 Qc5 26. Rd2 Rfd8 27. Rfd1 Qc6
28. Nf5 f6 29. Ne7+ 1-0

[Event "CAN-op"]
[Site "Kitchener CAN"]
[Date "2006.07.23"]
[Round "9"]
[White "Lee, Vicente jr."]
[Black "Kraiouchkine, Nikita"]
[Result "1/2-1/2"]
[WhiteElo "2257"]
[BlackElo "2019"]
[PlyCount "63"]
[EventDate "2006.07.15"]
[EventType "swiss"]
[EventRounds "9"]
[EventCountry "CAN"]

1. Nf3 d5 2. d4 Nf6 3. c4 e6 4. Nc3 Bb4 5. cxd5 exd5 6. Bg5 c5 7. Rc1 Nbd7 8.
e3 Qa5 9. Bxf6 Nxf6 10. Nd2 c4 11. a3 Bxc3 12. Rxc3 Bf5 13. Be2 O-O 14. O-O b5
15. Re1 b4 16. axb4 Qxb4 17. Qc1 Rab8 18. b3 cxb3 19. Rxb3 Qd6 20. Rxb8 Rxb8
21. Qa1 Rb7 22. Rc1 h6 23. h3 Qb4 24. Nf1 a5 25. Ng3 Bg6 26. Rc8+ Kh7 27. Ra8
Qb1+ 28. Qxb1 Rxb1+ 29. Kh2 Ra1 30. Bb5 Bc2 31. Rc8 Bg6 32. Ra8 1/2-1/2

[Event "CAN-ch U20 2006"]
[Site "Kitchener CAN"]
[Date "2006.07.11"]
[Round "4"]
[White "Kraiouchkine, Nikita"]
[Black "Henry, Liam"]
[Result "0-1"]
[WhiteElo "1769"]
[BlackElo "2122"]
[PlyCount "90"]
[EventDate "2006.07.10"]
[EventType "tourn"]
[EventRounds "7"]
[EventCountry "CAN"]

1. e4 c5 2. Nf3 d6 3. d4 cxd4 4. Nxd4 Nf6 5. Nc3 a6 6. a4 e5 7. Nb3 Be7 8. f4
Qc7 9. f5 b6 10. Be2 Bb7 11. Bf3 Nbd7 12. Be3 Bc6 13. O-O Qb7 14. Qd3 Rd8 15.
Bf2 g5 16. fxg6 hxg6 17. Rad1 Kf8 18. Qc4 Rc8 19. Qe2 Qa8 20. Nd2 Qb7 21. Nc4
Ne8 22. Nd5 Bxd5 23. Rxd5 Qc6 24. b3 Nef6 25. Rd3 Nc5 26. Bxc5 bxc5 27. Rfd1
Ne8 28. Ne3 Nf6 29. Nd5 Nxd5 30. Rxd5 c4 31. Bg4 Rc7 32. Qf3 Kg7 33. R1d2 cxb3
34. Qxb3 Rb7 35. Qa3 Qc4 36. Qd3 Qxa4 37. Be2 a5 38. c4 Bg5 39. Rd1 Rb3 40. Qc2
Be3+ 41. Kh1 Bc5 42. R5d3 Rhb8 43. Rxb3 Rxb3 44. Rxd6 Bxd6 45. Bd1 Re3 0-1